Connecting Women (Record no. 20758)

MARC details
000 -LEADER
fixed length control field 00699nam a2200133Ia 4500
008 - FIXED-LENGTH DATA ELEMENTS--GENERAL INFORMATION
fixed length control field 220616s9999||||xx |||||||||||||| ||und||
100 ## - MAIN ENTRY--PERSONAL NAME
Personal name Costa, Jaime
245 #0 - TITLE STATEMENT
Title Connecting Women
Remainder of title National and International Networks during the Long Nineteenth Century
546 ## - LANGUAGE NOTE
Language note English[eng]
650 ## - SUBJECT ADDED ENTRY--TOPICAL TERM
Topical term or geographic name entry element women's networks||long nineteenth century||women activists||activist networks||women authors||suffragists||literary networks||friendly societies||transatlantic activism||social change||gender studies||victorian women poets||history||Manileña
700 ## - ADDED ENTRY--PERSONAL NAME
Personal name Hacker, Barton C.||Pereira, Joanne||Margaret, Esteves Pereira||Vining, Margaret
856 ## - ELECTRONIC LOCATION AND ACCESS
Uniform Resource Identifier <a href="https://doi.org/10.5479/si.14265137">https://doi.org/10.5479/si.14265137</a>
942 ## - ADDED ENTRY ELEMENTS (KOHA)
Koha item type E-Books
Holdings
Withdrawn status Lost status Damaged status Not for loan Home library Current library Date acquired Total Checkouts Date last seen Price effective from Koha item type
        Kerala University of Digital Sciences, Innovation and Technology Knowledge Centre Kerala University of Digital Sciences, Innovation and Technology Knowledge Centre 16/06/2022   16/06/2022 16/06/2022 E-Books